000 00766nam a2200277Ia 4500
003 OSt
005 20220912151457.0
006 a|||||r|||| 00| 0
007 ta
008 220909b |||||||| |||| 00| 0 eng d
024 _a53704
037 _cTextual
040 _aCSL
_beng
_cCSL
041 _aeng
082 _aK8147.212, M9
100 _aKhosla S C
245 0 _aOstracoda from the quilon beds (lower miocene) of Kerala
260 _aBangalore
_bGeological Society of India
_c1989
300 _a54p.
_ccm.
490 _aMemoirs geological society of India; 14
650 _a Arthropoda
650 _aZoology
700 _a Nagori M L
942 _hK8147.212, M9
_cTEXL
_2CC
999 _c69422
_d69422